| 000 | 00889nam0a2200301 4500 | ||
|---|---|---|---|
| 001 | RU\NLR\bibl\54128 | ||
| 005 | 20250616085105.0 | ||
| 010 |
_a5-7020-1135-Х _97000 |
||
| 021 |
_aRU _b99-32890 _91619 |
||
| 035 | _a(NLR Aleph) 000052814 | ||
| 090 |
_a283861 _c283861 |
||
| 100 | _a19991021d1999 |||y0rusy50 ca | ||
| 101 | 1 |
_arus _cger |
|
| 102 | _aRU | ||
| 105 | _ay ||||||||| | ||
| 200 | 1 |
_aДо чего ты хороша! _e[Роман] _fКим Стюарт _g[Пер. с нем. Н.П. Слеповой] |
|
| 210 |
_aМ. _cНовости _d1999 |
||
| 215 |
_a157 с. _d17 |
||
| 225 | 1 | _aСчастливый случай | |
| 686 | _aШ6(4Ф)07-440.4 | ||
| 700 | 1 |
_aСтюарт _bК. _gКим _4070 |
|
| 801 | 0 |
_aRU _bNLR _c19991021 _gPSBO |
|
| 801 | 1 |
_aRU _bNLR _c19991021 |
|
| 852 |
_aNLR _j99-2/2312 |
||
| 942 | _cBOOK | ||
| 980 | _aNB | ||